Three-Part Names: Authors Quiz Stats

 Plays Quiz Updated Sep 4, 2014

Support Sporcle.
Go Orange.
Score 0/24 Timer 06:00
0 Plays Today
% Correct
Edgar
98.3%
Arthur
94.4%
Hans
90.5%
Louisa
88.8%
Robert
87.2%
George
86.5%
Harriet
84.5%
Ralph
83.9%
Laura
78.6%
Henry
76.5%
Elizabeth
75.9%
Miguel
74.6%
% Correct
Simone
70.8%
Gabriel
69.7%
William
66%
Mary
64.8%
Johann
63.5%
William
62.3%
Samuel
62.3%
Joyce
57.7%
Orson
49.4%
David
45.9%
Zora
44.9%
Mario
44.7%

You're not logged in!

Compare scores with friends on all Sporcle quizzes.
OR
Log In

From the Vault

Ends in 'AI' to 'ZI'

by betraisefold

Ai to Zi...sounds a little like a Sporcle sorority.
Remove Ads.
Support Sporcle.
Get the best of Sporcle when you Go Orange. This ad-free experience offers more features, more stats, and more fun while also helping to support Sporcle. Thank you for becoming a member.

Show Comments

Extras

Top Quizzes Today


Score Distribution

Your Account Isn't Verified!

In order to create a playlist on Sporcle, you need to verify the email address you used during registration. Go to your Sporcle Settings to finish the process.

Report this User

Report this user for behavior that violates our Community Guidelines.

Details: